[Event "Main Vogelsberg op 2nd"]
[Site "Grossauheim"]
[Date "2007.06.07"]
[Round "2"]
[White "Partsch, Udo"]
[Black "Chandler, Patrick"]
[Result "0-1"]
[WhiteElo "1904"]
[BlackElo "2173"]
[PlyCount "126"]
[EventDate "2007.06.07"]
[EventType "swiss"]
[EventRounds "7"]
[EventCountry "GER"]
[SourceTitle "EXT 2008"]
[Source "ChessBase"]
[SourceDate "2007.11.25"]
[SourceVersion "1"]
[SourceVersionDate "2007.11.25"]
[SourceQuality "1"]

1. d4 Nf6 2. Nf3 d5 3. Bf4 c6 4. c3 Qb6 5. Qb3 Nbd7 6. h3 e6 7. Nbd2 c5 8. e3 Be7 9. Be2 0-0 10. 0-0 a6 11. Ne5 Qxb3 12. Nxb3 Nxe5 13. Bxe5 Nd7 14. Bc7 b6 15. Nd2 Bb7 16. Bg3 Rac8 17. Bd3 b5 18. Rac1 Nb6 19. b3 c4 20. bxc4 dxc4 21. Be2 Ba3 22. Rc2 Na4 23. Rb1 Rfd8 24. f3 Bc6 25. Ne4 f5 26. Nd2 Be8 27. Be5 Bg6 28. f4 Be8 29. Bf3 Bc6 30. e4 Nb6 31. Kf2 g6 32. g4 Rf8 33. h4 Nd7 34. exf5 gxf5 35. g5 Nxe5 36. fxe5 Bd7 37. Nf1 Be7 38. Kg3 a5 39. Kf4 b4 40. cxb4 Ba4 41. Rcc1 Bxb4 42. Bd1 Bb5 43. Rc2 Ba6 44. Be2 Rfd8 45. Ke3 f4+ 46. Kxf4 Rxd4+ 47. Kg3 Bb7 48. Rbc1 c3 49. Bg4 Rxg4+ 50. Kxg4 Be4 51. Rf2 Ba3 52. Rcc2 Bxc2 53. Rxc2 Rc4+ 54. Kg3 Bb2 55. Nh2 Kf7 56. Ng4 Ke7 57. Ne3 Rd4 58. h5 Re4 59. Nd1 Ba1 60. g6 hxg6 61. hxg6 Kf8 62. Nxc3 Re3+ 63. Kf4 Rxc3 0-1